000 00628nam a2200193Ia 4500
003 GCL
005 20240530095517.0
008 140319s9999 xx 000 0 ara d
040 _aGCL /
_cGCL
082 0 4 _a413.23
_bق/م م
100 1 _aمنير البعلبكى
245 1 0 _aالمورد : قاموس انجليزى عربى عام 2006 /
_cمنير البعلبكى
250 _aالاربعون
260 _aالقاهرة :
_bدار العلم للملايين ،
_c2006
300 _a1118 ص ؛
_c24 سم
650 0 4 _aالقواميس
650 0 4 _aالقواميس انجليزى - عربى
942 _2ddc
_cBK
999 _c7941
_d7941